Chemical Weathering Rates of Silicate Minerals

Bibliographic Details
Main Author: White A. F.
Other Authors: Brantley S. L.
Language:English
Published: Washington, 1995
Series:Reviews in mineralogy
Subjects:
Format: Book
KOHA link:https://koha.lib.tpu.ru/cgi-bin/koha/opac-detail.pl?biblionumber=8610

MARC

LEADER 00000nam0a2200000 4500
001 8610
005 20231101204617.0
010 |a 0939950383 
035 |a (RuTPU)RU\TPU\book\8659 
035 |a BOOK00008718 
090 |a 8610 
100 |a 20011209d1995 k y0engy50 ba 
101 0 |a eng 
102 |a US 
105 |a y z 000zy 
200 1 |a Chemical Weathering Rates of Silicate Minerals  |f A. F. White, S. L. Brantley 
210 |a Washington  |d 1995 
215 |a 584 p. 
225 1 |a Reviews in mineralogy  |h V. 31 
606 1 |a Силикаты  |x Минералогия  |2 stltpush  |3 (RuTPU)RU\TPU\subj\71181  |9 85206 
610 1 |a минералогия 
610 1 |a силикаты 
675 |a 549.6  |v 3 
700 1 |a White  |b A. F. 
701 1 |a Brantley  |b S. L. 
801 0 |a RU  |b 63413507  |c 20011209  |g PSBO 
801 2 |a RU  |b 63413507  |c 20220809  |g PSBO 
942 |c BK